| 000 | 00935nam a22002897a 4500 | ||
|---|---|---|---|
| 003 | CHAP | ||
| 005 | 20220920173042.0 | ||
| 008 | 971013s1987 r 00010 d | ||
| 010 | _a13137 | ||
| 011 | _a14109 | ||
| 035 | _a18182 | ||
| 040 | _cCHAP | ||
| 090 | _aFolleto 11252 | ||
| 110 |
_aBayer de México. División Agrícola _910997 |
||
| 245 | _aEmpleo seguro y eficaz de los plaguicidas | ||
| 260 |
_aMéxico, D. F. : _bBayer, _c(1987?) |
||
| 300 |
_a20 p. _b: ilus. |
||
| 590 |
_aBATCH-UPD _b10 _c20130110 |
||
| 590 |
_aCONVERSION _b10 _c20130109 |
||
| 650 | 1 | 4 |
_aPesticidas _xMedidas de Seguridad. _987564 |
| 901 | _aBK | ||
| 942 |
_cFOLL _2local |
||
| 949 |
_aFolleto 11252 _bBC _cFOLL _d-42452 _eTS1 _fc.2 _i18182 _mD _si |
||
| 949 |
_aFolleto 11252 _bBC _cFOLL _d-42453 _eTS2 _i18182 _mD _si |
||
| 949 |
_aFolleto 11252 _bBC _cFOLL _d-42454 _eTS2 _fc.3 _i18182 _mD _si |
||
| 949 |
_aFolleto 11252 _bBC _cFOLL _d-42455 _eBPP _fc.4 _i18182 _mD _si |
||
| 999 |
_c13137 _d13137 |
||